| 000 | 00685nam a22002057a 4500 | ||
|---|---|---|---|
| 003 | NUST - PNEC | ||
| 005 | 20170116180757.0 | ||
| 008 | 150407b xxu||||| |||| 00| 0 eng d | ||
| 020 | _a9780241968215 | ||
| 040 | _cLIBRARY | ||
| 082 | _a940.421 TUC | ||
| 100 |
_92166 _aTuchman Barbara Wertheim |
||
| 245 |
_aThe guns of August _cBarbara Wertheim Tuchman |
||
| 260 |
_aLondon : _bPenguin Books, _cc2014. |
||
| 300 | _a566 p. : | ||
| 500 | _aIncludes index. | ||
| 650 |
_92168 _aWorld War (1914-1918) _xGeneral, History |
||
| 856 | _uhttp://www.amazon.com/The-Guns-of-August/dp/0241968216/ref=sr_1_1?s=books&ie=UTF8&qid=1428394897&sr=1-1&keywords=9780241968215 | ||
| 942 |
_2ddc _cBK |
||
| 999 |
_c62783 _d62783 |
||